Biggest Cities in Queensland - Statistics

General Stats
  • This quiz has been taken 359 times
  • The average score is 8 of 15
Answer Stats
Hint Answer % Correct
B Brisbane
100%
GC Gold Coast
98%
C Cairns
84%
SC Sunshine Coast
81%
T Townsville
78%
R Rockhampton
61%
T Toowoomba
59%
B Bundaberg
51%
M Mackay
51%
H Hervey Bay
35%
G Gladstone
32%
G Gympie
27%
M Maryborough
23%
N Nambour
15%
B Bongaree
3%
No matching quizzes found
Score Distribution
Percent of People with Each Score
Percentile by Number Answered
Your Score History
You have not taken this quiz